书目信息 |
| 题名: |
教会学生思维
|
|
| 作者: | 郅庭瑾 著 | |
| 分册: | ||
| 出版信息: | 北京 教育科学出版社 2005 |
|
| 页数: | 292页 | |
| 开本: | 23cm | |
| 丛书名: | 新世纪教师教育丛书 | |
| 单 册: | ||
| 中图分类: | G426 | |
| 科图分类: | ||
| 主题词: | 教学法--研究 , 教学法 | |
| 电子资源: | ||
| ISBN: | 7-5041-2205-X | |
| 000 | 00954nam0 2200277 450 | |
| 000 | 00963nam0 2200277 450 | |
| 000 | 00896nam0 2200253 450 | |
| 000 | 00860oam2 2200241 45 | |
| 005 | 20070727143750.55 | |
| 010 | @a7-5041-2205-X@dCNY26.00 | |
| 100 | @a20070706d2005 em y0chiy0120 ea | |
| 101 | 0 | @achi |
| 102 | @aCN@b110000 | |
| 105 | @ay z 000yy | |
| 200 | 1 | @a教会学生思维@AJiao Hui Xue Sheng Si Wei@f郅庭瑾著@FZhi Ting Jin Zhu |
| 210 | @a北京@c教育科学出版社@d2005 | |
| 215 | @a292页@d23cm | |
| 225 | 2 | @a新世纪教师教育丛书 |
| 330 | @a本书认为走出传统教学阴影的出路在于对知识和思维有一个合理的态度,知识的主要价值存在于解决问题的过程中。只有善于思维的人,才能将知识灵活地运用于实际问题的解决,才能实现知识向智慧的转化。 | |
| 410 | 0 | @12001 @a新世纪教师教育丛书 |
| 606 | 0 | @a教学法@x研究 |
| 606 | 0 | @a教学法 |
| 690 | @aG426@v4 | |
| 701 | 0 | @a郅庭瑾@AZhi Ting Jin@4著 |
| 801 | 0 | @aCN@bTAOJIN@c20070727 |
| 905 | @a10447@dG426@e197 | |
| 教会学生思维/郅庭瑾著.-北京:教育科学出版社,2005 |
| 292页;23cm.-(新世纪教师教育丛书) |
| ISBN 7-5041-2205-X:CNY26.00 |
| 本书认为走出传统教学阴影的出路在于对知识和思维有一个合理的态度,知识的主要价值存在于解决问题的过程中。只有善于思维的人,才能将知识灵活地运用于实际问题的解决,才能实现知识向智慧的转化。 |
| ● |
| 相关链接 |
|
|
|
|
正题名:教会学生思维
索取号:G426/197
 
预约/预借
| 序号 | 登录号 | 条形码 | 馆藏地/架位号 | 状态 | 备注 |
| 1 | 0821175 | 208211754 | 第一样本阅览室/ [索取号:G426/197] | 在馆 | |
| 2 | 0821176 | 208211763 | 第四借阅区/ [索取号:G426/197] | 在馆 | |
| 3 | 0821177 | 208211772 | 第四借阅区/ [索取号:G426/197] | 在馆 | |
| 4 | 0821178 | 208211781 | 第四借阅区/ [索取号:G426/197] | 在馆 | |
| 5 | 0821179 | 208211790 | 第四借阅区/ [索取号:G426/197] | 在馆 |